000 00696nam a22001937a 4500
005 20251108172846.0
008 250721s2004 xx 000 0 ara d
082 1 4 _aط/811.06/مول
100 1 _aالمناوي، زين الدين محمد عبد الرؤوف
245 1 0 _aالمولد النبوي الشريف /
264 1 _aبيروت :
_bدار و مكتبه الهلال للطباعه و النشر،
_c2004.
300 _a80ص
650 1 7 _aالشعر العربي
650 1 7 _aالمدائح النبوية
653 _aناشاون صغار (10-14)سنه
700 1 _aالبرعي اليماني، عبد الرحيم بن أحمد
942 _2ddc
_cBK
999 _c90236
_d90236